=LDR 00000nam 2200000 4500 =001 INLIS000000000003981 =005 20130612092256 =008 ***********************************Ind** =035 ##$$a0010-061300000003981 =041 ##$$a Ind =082 ##$$a 808.51 =090 ##$$a 808.51, Car c =100 ##$$a Carnegie, Dale =245 ##$$a Cara mencapai sukses dalam memperluas pengaruh dan pandai bicara, Dr.Dale Carnegie =260 ##$$a 1992 $b Bandung =300 ##$$a 291hlm., 21 cm =650 ##$$a Pidato =850 ##$$a NBPNMAT =990 ##$$a 21400613/BPAP-NTB/20142014